书目信息 |
| 题名: |
智能和特殊儿童教育新方向
|
|
| 作者: | 戴 编 ;陆幼甫 译 | |
| 分册: | ||
| 出版信息: | 北京 春秋出版社 1989.10 |
|
| 页数: | 251页 | |
| 开本: | 19cm | |
| 丛书名: | 智能开发译丛 | |
| 单 册: | ||
| 中图分类: | G764 , G4-51 | |
| 科图分类: | ||
| 主题词: | 智力落后-儿童教育∶特殊教育 , 儿童教育∶特殊教育-智力落后 , 特殊教育∶儿童教育-智力落后 , 教育 | |
| 电子资源: | ||
| ISBN: | 7-5069-0170-6 | |
| 000 | 01185nam2 2200325 45 | |
| 001 | 0190009968 | |
| 005 | 20061101103805.34 | |
| 010 | @a7-5069-0170-6@dCNY3.40 | |
| 100 | @a19921209d1989 ekmy0chiy0121 ea | |
| 101 | 1 | @achi@ceng |
| 102 | @aCN@b110000 | |
| 105 | @ay z 000yy | |
| 200 | 10 | @a智能和特殊儿童教育新方向@AZHI NENG HE TE SHU ER TONG JIAO YU XIN FANG XIANG@f(美)戴等编@F( MEI ) DAI DENG BIAN@g陆幼甫等译 |
| 210 | @a北京@c春秋出版社@d1989.10 | |
| 215 | @a251页@d19cm | |
| 225 | 2 | @a智能开发译丛 |
| 300 | @a著者原题:珍妮·D·戴 | |
| 330 | @a本书概括了当前世界上对智能研究的最新成果,从心理学和教育学的角度阐述了各种特殊儿童的智力和动机发展过程,分析了智能理论和智力测验在特殊儿童中的诊断作用等。 | |
| 410 | 0 | @120010@a智能开发译丛 |
| 540 | 1 | @a智能 特殊 儿童 教育 新方向@AZHI NENG TE SHU ER TONG JIAO YU XIN FANG XIANG |
| 606 | @a智力落后-儿童教育∶特殊教育 | |
| 606 | @a儿童教育∶特殊教育-智力落后 | |
| 606 | @a特殊教育∶儿童教育-智力落后 | |
| 606 | 0 | @a教育 |
| 690 | @aG764@v三版 | |
| 690 | @aG4-51@v3 | |
| 701 | 1 | @a戴@ADAI@b珍妮·D@4编 |
| 702 | 0 | @a陆幼甫@ALU“ YOU FU@4译 |
| 801 | 0 | @aCN@bTSSF@c20061101 |
| 905 | @a10447@dG4-51@e25:11 | |
| 智能和特殊儿童教育新方向/(美)戴等编/陆幼甫等译.-北京:春秋出版社,1989.10 |
| 251页;19cm.-(智能开发译丛) |
| 著者原题:珍妮·D·戴 |
| ISBN 7-5069-0170-6:CNY3.40 |
| 本书概括了当前世界上对智能研究的最新成果,从心理学和教育学的角度阐述了各种特殊儿童的智力和动机发展过程,分析了智能理论和智力测验在特殊儿童中的诊断作用等。 |
| ● |
| 相关链接 |
|
|
|
|
正题名:智能和特殊儿童教育新方向
索取号:G4-51/25:11
 
预约/预借
| 序号 | 登录号 | 条形码 | 馆藏地/架位号 | 状态 | 备注 |
| 1 | 0227626 | 002055938 | 第一样本阅览室/ [索取号:G4-51/25:11] | 在馆 |